ドムドムハンバーガー レギュラーメニュー - Statistics

General Stats
  • This quiz has been taken 8 times
  • The average score is 14 of 36
Answer Stats
% Correct
ハンバーガー
75%
コーラ
75%
てりやきバーガー
63%
チーズバーガー
63%
チキンナゲット
63%
オレンジジュース
63%
エビカツバーガー
50%
お好み焼きバーガー
50%
コーヒー
50%
メロンソーダ
50%
アイスティー
50%
ビッグドム
38%
ビッグドム チーズ
38%
甘辛チキンバーガー
38%
ポテトフライ
38%
バターコーン
38%
かりんとう饅頭
38%
ウーロン茶
38%
ビッグドム トマト&チーズ
25%
クリスピーチキンバーガー
25%
フィッシュバーガー
25%
ダブルチーズバーガー
25%
厳選ナチュラルチーズバーガー
25%
手作り厚焼きたまごバーガー
25%
チーズポテト
25%
シャカリポ
25%
クリスピーチキン
25%
ごぼうスティック
25%
アップルカスタードパイ
25%
ソフトクリームサンデー ストロベリー
25%
ソフトクリームサンデー 抹茶
25%
ソフトクリームサンデー マンゴー
25%
ソフトクリーム
25%
ソフトフロート
25%
ホワイトウォーター
25%
セブンアップ
25%
No matching quizzes found
Score Distribution
Percent of People with Each Score
Percentile by Number Answered
Your Score History
You have not taken this quiz